000
00294nam a22001337a 4500
008
170504b xxu||||| |||| 00| 0 eng d
020
_a
9780314275158
041
_a
eng
080
_a
34
100
_a
14
101
_a
SHJ
245
_a
COURTROOM EVIDENCE HANDBOOK
_c
GOODE, S
942
_2
udc
_c
BK
999
_c
12686
_d
12686